| 000 | 02138cam a22004574i 4500 | ||
|---|---|---|---|
| 003 | PE-LiUPU | ||
| 005 | 20250731183442.0 | ||
| 008 | 150706s2006 r 000 0 d | ||
| 020 | _a9709726277 | ||
| 035 | _a(Sirsi) i9789709726275 | ||
| 040 |
_aPE-LiUPU _bspa _cPE-LiUPU _erda |
||
| 049 | _aPRUA | ||
| 082 | 0 | 4 |
_a728.31 _bI2 _221 |
| 245 | 0 | 1 |
_aInmuebles con estilo / _cFrancisco Martín del Campo Souza, José Portilla Riba ; comp. Fernando de Haro, Omar Fuentes ; tr. Louis Loizides. |
| 264 | 1 |
_aMéxico : _bArquitectos Mexicanos Editores, Arquitectoma, _c2006. |
|
| 300 |
_a117 páginas : _bilustraciones ; _c29 cm. |
||
| 336 |
_atext _2rdacontent |
||
| 337 |
_aunmediated _2rdamedia |
||
| 338 |
_avolume _2rdacarrier |
||
| 500 | _aTraducción de: Building in style . | ||
| 505 | 0 | _aCorporativo del parque -- Residencial torre álamos -- Residencial ciudad -- Residencial rancho memetla -- Corporativo cantera -- Corporativo parque santa fe -- Corporativo par del parque -- Residencial Rubén Darío -- Residencial torre ébanos -- Residencial ahuehuetes -- Residencial playa ixtapa -- Residencial playa del carmen. | |
| 526 | _aP158 | ||
| 526 | _aP146 | ||
| 526 | _aP17 | ||
| 526 | _aP12 | ||
| 526 | _aP06 | ||
| 541 | _g015-0015393; | ||
| 650 | 0 | 4 |
_aArquitectura de la vivienda _vDiseño y planos _xObras ilustradas. |
| 650 | 0 | 4 |
_aBienes raíces _xObras ilustradas. |
| 650 | 0 | 4 |
_aArquitectura moderna _ySiglo XX. |
| 700 | 1 |
_aHaro Lebrija, Fernando de, _eed. |
|
| 700 | 1 |
_aFuentes Elizondo, Omar, _eed. |
|
| 700 | 1 |
_aMartín del Campo Souza, Francisco, _eprol. |
|
| 700 | 1 |
_aLoizides, Louis, _etr. |
|
| 910 |
_clch _d20130705 |
||
| 942 |
_2ddc _cBOOK |
||
| 949 |
_a728.31 I2 _wDEWEY _c1 _i67602 _lCCODEBUL1 _mBUL _p35.00 _r0 _sY _tBOOK _u2015-7-6 _xINGENIERIA _PP06 _o.STAFF. Colección General |
||
| 994 |
_aC0 _bPEPRU |
||
| 596 | _a1 | ||
| 999 |
_a728.31 I2 _wDEWEY _c55232 _i67602 _f2021-11-10 _g7 _lCCODEBUL1 _mBUL _p35.00 _r0 _sY _tBOOK _u2015-7-6 _xINGENIERIA _PP06 _0COMPRA _o.STAFF. Colección Ingenieria y Arquitectura _d55232 |
||
| 980 |
_81 _gALBERTO SANCHEZ Responsable de Automatización |
||